Представление документа в формате MARC21

ПолеНазваниеЗначение
  Тип записи a
  Библиографический уровень m
001 Контрольный номер RU\infra-m\znanium\bibl\2225718
005 Дата корректировки 20260429142111.8
008 Кодируемые данные 250908s2025 RU g rus u
020 Индекс ISBN __
a ISBN 978-5-9729-2557-5
040 Источник каталогиз. __
a Служба первич. каталог. Общество с ограниченной ответственностью «ЗНАНИУМ»
041 Код языка издания __
a Код языка текста rus
044 Код страны публикации __
a Код страны публикации RU
080 Индекс УДК __
a Индекс УДК 629
084 Индекс другой классификации/Индекс ББК __
2 Источник индекса rubbk
a Индекс другой классификации/Индекс ББК 393
084 Индекс другой классификации/Индекс ББК __
2 Источник индекса okso
a Индекс другой классификации/Индекс ББК 23.03.03
100 Автор __
a Автор Дадонов М.В.
q Полное имя Дадонов Михаил Васильевич
u Дополнение Кузбасский государственный технический университет имени Т. Ф. Горбачева
245 Заглавие __
a Заглавие Погрузочно-транспортное оборудование угольных разрезов
b Продолж. заглавия Учебное пособие
c Ответственность Кузбасский государственный технический университет имени Т. Ф. Горбачева
250 Сведения об издании __
a Основные сведения об издании 1
260 Выходные данные __
a Место издания Вологда
b Издательство Инфра-Инженерия
c Дата издания 2025
300 Физическое описание __
a Объем 64 с.
520 Аннотация __
a Аннотация Дана характеристика грузов перемещаемых на угольных разрезах рассмотрены классификация виды и характеристики выемочно-погрузочных и транспортных машин и оборудования области их применения. Освещены основные принципы взаимодействия машин и оборудования а также формирования технологических комплексов открытых горных работ в зависимости от горнотехнических условий вскрышных и добычных работ. Для студентов всех форм обучения обучающихся по направлению подготовки 23.03.03 «Эксплуатация транспортно-технологических машин и комплексов».
521 Примеч. о цел. назн. __
a Примеч. о целев. назн. ВО - Бакалавриат
650 Тематические рубрики __
a Основная рубрика Промышленность. Энергетика
x Основная подрубрика Отраслевое машиностроение
655 Указ. предметных рубрик (устаревшее) __
a Жанр/ форма (устаревшее) Учебное пособие
700 Другие авторы __
a Другие авторы Кудреватых А.В.
q Полное имя Кудреватых Андрей Валерьевич
u Дополнение Кузбасский государственный технический университет имени Т. Ф. Горбачева
856 Электронный адрес документа 4_
a Имя сервера/домена znanium.ru
m Помощь ebs_support@infra-m.ru
n Местонахождение сервера НИЦ ИНФРА-М
u URL https://znanium.ru/catalog/document?id=469423
856 Электронный адрес документа 48
a Имя сервера/домена znanium.ru
d Путь /cover/2225
f Электронное имя 2225718.jpg
q Тип электронного формата image/jpeg
u URL https://znanium.ru/cover/2225/2225718.jpg
911 __
u 0030=https://znanium.ru/catalog/document?id=469423